01275nam a2200337Ia 4500001001200000003000800012006001900020007001500039008004100054020001800095020002200113040002100135035002000156050002800176082001900204100002100223245011900244250001200363260003300375300002400408500002400432504005100456533015200507650002800659650003500687650002400722655002900746710001700775856012600792999001900918ebr10106656CaPaEBRm u cr cn|||||||||041104s2005 enka fsb 001 0 eng d z9780749446727 z0749443510 (pbk.) aCaPaEBRcCaPaEBR a(OCoLC)6274615114aHF5549.5.T7bC36 2005eb04a658.3124042221 aCameron, Esther.10aFacilitation made easyh[electronic resource] :bpractical tips to improve meetings & workshops /cEsther Cameron. a3rd ed. aLondon :bKogan Page,c2005. avii, 166 p. :bill. aPrevious ed.: 2001. aIncludes bibliographical references and index. aElectronic reproduction.bPalo Alto, Calif. :cebrary,d2009.nAvailable via World Wide Web.nAccess may be limited to ebrary affiliated libraries. 0aEmployeesxTraining of. 0aForums (Discussion and debate) 0aGroup facilitation. 7aElectronic books.2local2 aebrary, Inc.40uhttp://site.ebrary.com/lib/rucke/Doc?id=10106656zAn electronic book accessible through the World Wide Web; click to view c100532d100532